Countries Starting with N in 90 Seconds - Statistics

General Stats
  • This quiz has been taken 141 times
  • The average score is 8 of 10
Answer Stats
country % Correct
Namibia
91%
Netherlands
91%
Niger
88%
Nigeria
88%
Nauru
85%
Nicaragua
84%
North Korea
81%
Norway
80%
Nepal
77%
New Zealand
70%
No matching quizzes found
Score Distribution
Percent of People with Each Score
Percentile by Number Answered
Your Score History
You have not taken this quiz